Cuixart: los años cruciales, (1955-1996) / (Record no. 193135)

MARC details
000 -LEADER
campo de control de longitud fija 02050nam a2200433 i 4500
001 - NÚMERO DE CONTROL
campo de control 193135
003 - IDENTIFICADOR DE NÚMERO DE CONTROL
campo de control SpMaBN
005 - FECHA Y HORA DE LA ÚLTIMA TRANSACCIÓN
campo de control 20240708063028.0
007 - CAMPO FIJO DE DESCRIPCIÓN FÍSICA--INFORMACIÓN GENERAL
campo de control de longitud fija ta
008 - DATOS DE LONGITUD FIJA--INFORMACIÓN GENERAL
campo de control de longitud fija 230822s2020 sp a | |||| 000 0dspa
017 ## - NÚMERO DE COPYRIGHT O DE DEPÓSITO LEGAL
Número de copyright o de depósito legal M 2254-2020
Agencia que asigna Oficina Depósito Legal Madrid
020 ## - NÚMERO INTERNACIONAL ESTÁNDAR DEL LIBRO
Número Internacional Estándar del Libro 9788470756634
035 ## - NÚMERO DE CONTROL DEL SISTEMA
Número de control de sistema a6997329
040 ## - FUENTE DE CATALOGACIÓN
Centro catalogador/agencia de origen SpMaBN
Lengua de catalogación spa
Centro/agencia transcriptor SpMaBN
Normas de descripción rda
Centro/agencia modificador ES-MaACL
080 ## - NÚMERO DE LA CLASIFICACIÓN DECIMAL UNIVERSAL
Número de la Clasificación Decimal Universal 75 Cuixart, Modest (083.824)
080 ## - NÚMERO DE LA CLASIFICACIÓN DECIMAL UNIVERSAL
Número de la Clasificación Decimal Universal 73 Cuixart, Modest (083.824)
100 1# - ENTRADA PRINCIPAL--NOMBRE DE PERSONA
Nombre de persona Cuixart, Modest,
Fechas asociadas al nombre 1925-2007
Relación artista
9 (RLIN) 234022
245 10 - MENCIÓN DEL TÍTULO
Título Cuixart: los años cruciales, (1955-1996) /
Mención de responsabilidad, etc. Raquel Medina de Vargas, Assumpta Capellà, Catalina Ballester (eds.) ; con ensayos de Raquel Medina de Vargas, Arnau Puig, Lourdes Cirlot
264 #1 - PRODUCCIÓN, PUBLICACIÓN, DISTRIBUCIÓN, FABRICACIÓN Y COPYRIGHT
Producción, publicación, distribución, fabricación y copyright Madrid :
Nombre del de productor, editor, distribuidor, fabricante Fundación Juan March :
-- Editorial de Arte y Ciencia,
Fecha de producción, publicación, distribución, fabricación o copyright [2020]
264 #4 - PRODUCCIÓN, PUBLICACIÓN, DISTRIBUCIÓN, FABRICACIÓN Y COPYRIGHT
Fecha de producción, publicación, distribución, fabricación o copyright ©2020
300 ## - DESCRIPCIÓN FÍSICA
Extensión 235 páginas :
Otras características físicas principalmente ilustraciones (color) ;
Dimensiones 27 cm
336 ## - TIPO DE CONTENIDO
Término de tipo de contenido Imagen fija
-- Texto
Fuente rdacontent
337 ## - TIPO DE MEDIO
Nombre/término del tipo de medio sin mediación
Fuente rdamedia
338 ## - TIPO DE SOPORTE
Nombre/término del tipo de soporte volumen
Fuente rdacarrier
500 ## - NOTA GENERAL
Nota general Exposición: Museu Fundación Juan March, Palma, del 5 de febrero al 16 de mayo de 2020; Museo de Arte Abstracto Español, Cuenca, del 5 de junio al 27 de septiembre de 2020
500 ## - NOTA GENERAL
Nota general Catalogación provisional. Signatura: N 8620. Depósito J.
504 ## - NOTA DE BIBLIOGRAFÍA, ETC.
Nota de bibliografía, etc. Bibliografía: páginas 215-224
600 17 - PUNTO DE ACCESO ADICIONAL DE MATERIA--NOMBRE DE PERSONA
Nombre de persona Cuixart, Modest,
Fechas asociadas al nombre 1925-2007
Subdivisión de forma Exposiciones
Fuente del encabezamiento o término embne
9 (RLIN) 234023
655 #7 - TERMINO DE INDIZACIÓN--GENERO/FORMA
Datos o término principal de género/forma Catálogos de exposiciones
Fuente del término tgfbne
9 (RLIN) 193628
700 1# - ENTRADA AGREGADA--NOMBRE PERSONAL
Nombre de persona Medina de Vargas, Raquel
Relación comisario
-- autor de contenido textual suplementario
9 (RLIN) 234024
710 2# - ENTRADA AGREGADA--NOMBRE DE ENTIDAD CORPORATIVA
Nombre de entidad corporativa o nombre de jurisdicción como elemento de entrada Museu Fundación Juan March (Palma)
Relación sede
9 (RLIN) 234025
710 2# - ENTRADA AGREGADA--NOMBRE DE ENTIDAD CORPORATIVA
Nombre de entidad corporativa o nombre de jurisdicción como elemento de entrada Museo de Arte Abstracto Español (Cuenca)
Relación sede
9 (RLIN) 142639
852 ## - LOCALIZACIÓN
Ubicación ES-MaACL
itemnumber 200450
Sublocalización o colección R.153116
Ubicación en estantería Depósito J
Donativo/Legado Donación: Editorial
Nota libre En proceso
942 ## - ELEMENTOS DE ENTRADA SECUNDARIOS (KOHA)
Suprimir en OPAC No
Tipo de ítem Koha Libro impreso
Holdings
Estatus retirado Estado de pérdida Fuente del sistema de clasificación o colocación Estado de daño No para préstamo Biblioteca de origen Biblioteca actual Ubicación en estantería Fecha de adquisición Fuente de adquisición Total de préstamos Signatura topográfica completa Código de barras Visto por última vez Precio de reemplazo Tipo de ítem Koha
    Clasificación decimal universal     Biblioteca del Ateneo de Madrid Biblioteca del Ateneo de Madrid Depósito J 22/08/2023 Donación   N-8620 101205743 22/08/2023 22/08/2023 Libro impreso